<?xml version="1.0" encoding="UTF-8"?>
<marc:record xmlns:marc="http://www.loc.gov/MARC21/slim">
   <marc:leader>00000nam a2200000 a 4500</marc:leader>
   <marc:datafield ind1="1" ind2=" " tag="100">
      <marc:subfield code="a">Klingeling, Quark-Uwe</marc:subfield>
      <marc:subfield code="4">aut</marc:subfield>
      <marc:subfield code="e">Verfasser/-in</marc:subfield>
   </marc:datafield>
   <marc:datafield ind1="0" ind2="0" tag="245">
      <marc:subfield code="a">Die Elefanten-Epen</marc:subfield>
   </marc:datafield>
   <marc:datafield ind1="0" ind2="0" tag="245">
      <marc:subfield code="c">Quark-Uwe Klingeling</marc:subfield>
   </marc:datafield>
   <marc:datafield ind1=" " ind2="1" tag="264">
      <marc:subfield code="b">Independently published</marc:subfield>
      <marc:subfield code="c">2020</marc:subfield>
   </marc:datafield>
   <marc:datafield ind1="1" ind2=" " tag="520">
      <marc:subfield code="a">"Ich wollte gerade Eierkuchen machen", sagt der Elefant, "aber da ist mir eingefallen, dass ich weder Eier noch Kuchen habe." Quark-Uwe, ein selbsternannter Großkünstler, bekommt überraschend Besuch von seinem neuen Nachbarn. Der stellt sich nicht nur als Elefant heraus, sondern auch als echter Aluhut: Der Dickhäuter glaubt an Verschwörungstheorien, liebt Xavier Naidoo, futtert gerne Rumkugeln und trauert dem Kaiserreich hinterher.</marc:subfield>
   </marc:datafield>
   <marc:datafield ind1=" " ind2=" " tag="020">
      <marc:subfield code="a">9798644866205</marc:subfield>
      <marc:subfield code="9">9798644866205</marc:subfield>
   </marc:datafield>
   <marc:datafield ind1=" " ind2=" " tag="300">
      <marc:subfield code="a">100 S</marc:subfield>
   </marc:datafield>
</marc:record>
